000 00945cad a22001935a 4500
001 L152649
008 110408s2011 xxk f 000 0 eng d
035 _a(Sirsi) u152649
041 0 _aeng
110 2 _aRoyal Institute of British Architects
_92527
245 0 4 _aThe future for architects?
_h[electronic resource]
260 _aLondon
_bRIBA
_c2011
520 _aArchitects, designers, clients, consultants, students and graduates were consulted for this report; looks at propositions for 2025; asks who will design our built environment in 2025; what roles might those trained in architecture have in 2025? how might practice change by 2025?
590 _aKA NTK
651 4 _aEurope
690 _aMANAGEMENT-BUSINESS MANAGEMENT-PROFESSIONAL PRACTICE
856 4 0 _uhttps://www.buildingfutures.org.uk/assets/downloads/The_Future_for_Architects_Full_Report_2.pdf
_zView this item free of charge at www.buildingfutures.org.uk
942 _n0
999 _c112143
_d112143